[Event "US Open-88"]
[Site "Portland"]
[Date "1987.08.02"]
[Round "1"]
[White "Ratigan, William"]
[Black "Braley, John"]
[Result "0-1"]
[WhiteElo "1788"]
[BlackElo "2260"]
[PlyCount "74"]
[EventDate "1987.08.02"]
[EventType "swiss"]
[EventRounds "12"]
[EventCountry "USA"]
[SourceTitle "EXT 1997"]
[Source "ChessBase"]
[SourceDate "1996.11.15"]
[SourceVersion "1"]
[SourceVersionDate "1996.11.15"]
[SourceQuality "1"]

1. d4 d6 2. c4 e5 3. dxe5 dxe5 4. Qxd8+ Kxd8 5. Nc3 c6 6. e4 Be6 7. f4 exf4 8. Bxf4 g6 9. 0-0-0+ Nd7 10. Nf3 f6 11. h3 Bh6 12. Bxh6 Nxh6 13. Be2 Kc7 14. g4 Nf7 15. Nd4 Rae8 16. Rhf1 Nfe5 17. Nxe6+ Rxe6 18. h4 h6 19. b4 a5 20. a3 axb4 21. axb4 Ra8 22. Kb2 Ree8 23. Ra1 Kd6 24. c5+ Ke7 25. Kb3 Nf8 26. Ra4 Ne6 27. Rxa8 Nd4+ 28. Kb2 Rxa8 29. Rg1 Rd8 30. Ka3 Nxe2 31. Nxe2 Rd3+ 32. Ka4 Re3 33. Ng3 Nf3 34. Rg2 Ne1 35. Rg1 Nc2 36. Ka5 Kd7 37. Rg2 Kc7 0-1